000 01230na a2200349 4500
999 _c666
_d666
001 19786
003 MIRAKIL
005 20210407150924.0
008 161227b tu 000 0
035 _a19786
040 _aMilas
_btur
_cTR-AnCHP
041 _atur
082 _aCHP 324.6
_bK44n 2010
090 _aBROŞÜR 145
100 _aKılıçdaroğlu, Kemal
_cCHP Genel Başkanı
245 _aNeden hayır?
_cKemal Kılıçdaroğlu
260 _aAnkara
_bCHP
_c2010
300 _a20 s.
_brnkl. fotg.
_c20 sm.
440 _aCumhuriyet Halk Partisi yayınları
_pSeçim propagandası
500 _aArka kapakta adı : AKP'y hayır! Oyum hayır!
500 _aAra kapakta adı : Oyunuz hayırlı olsun!
600 _aKılıçdaroğlu, Kemal
_xİktidar eleştirisi
_yReferandum, 2010
610 _aCHP
_xİktidar eleştirisi
_yReferandum, 2010
651 _aTürkiye
_xAnayasa değişikliği
_yReferandum, 2010
651 _aTürkiye
_xSeçim sistemleri
_zReferandum, 2010
740 _aOyunuz hayırlı olsun
830 _aCHP broşürleri
942 _cBKS
999 _d666